000 00935nas a2200325 4500
001 BR9901030
003 BR-BrBNA
005 20231205101301.0
007 ta
008 230509b bl.|||p| |||| 00| 00por d
040 _aBR-BrBNA
_bpor
_cBiblioteca Nacional de Agricultura
041 _a(Pt)
072 _aL73
100 1 _aTeixeira, M.F.B.
100 1 _aEsteves, P.A.
100 1 _aCoelho, C.S.S.
100 1 _aSilva, T.C. da
100 1 _aOliveira, L.G.
100 1 _aRoehe, P.M.
245 1 _aDiferencas em niveis de anticorpos neutralizantes contra herpesvirus bovinos tipos 1 (BHV-1)e 5(BHV-5)
650 _aBovino
650 _aHerpesvirus
650 _aAnticorpo
650 _aInfeccao
650 _aEpidemia
650 _aSoro
773 0 _tPesquisa Agropecuaria Gaucha (Brazil)
_xISSN 0104-9070
_g(1998), v. 4(1) p. 61-65
_wBR9901030
909 _a202311
_bLúcia
_c55
_dLúcia Elande
942 _2AGRIS
_n0
_cANA
999 _c160893
_d160893